|
|
|
|
| LEADER |
01233nam a2200313 u 4500 |
| 001 |
10027077 |
| 003 |
upatras |
| 005 |
20210117205958.0 |
| 008 |
950511s1990 ge eng |
| 020 |
|
|
|a 3540522409
|q (Χαρτόδετο)
|
| 040 |
|
|
|a GR-PaULI
|c GR-PaULI
|
| 041 |
0 |
|
|a eng
|
| 245 |
1 |
0 |
|a Nonlinear coherent structures : Held at Montpellier, France : June 21-23, 1989
|b Proceedings of the 6th:
|c Editors M. Barthes, J. Leon
|
| 260 |
|
|
|a Berlin
|b Springer Verlag
|c 1990
|
| 300 |
|
|
|a x, 280 p.
|b fig.
|
| 490 |
0 |
|
|a Lecture Notes in Physics
|v 353
|
| 505 |
1 |
|
|a includes references
|
| 650 |
|
4 |
|a Δυναμικά συστήματα
|9 394
|
| 650 |
|
4 |
|9 2083
|a Χαοτική συμπεριφορά συστημάτων
|
| 700 |
1 |
|
|a Barthes, M.
|9 152885
|
| 700 |
1 |
|
|a Barthes, M.
|9 152885
|
| 700 |
1 |
|
|a Barthes, M.
|9 152885
|
| 700 |
1 |
|
|a Leon, J.
|9 109290
|
| 700 |
1 |
|
|a Leon, J.
|9 109290
|
| 760 |
1 |
|
|a Lecture notes in physics
|g 353
|
| 852 |
|
|
|a GR-PaULI
|b ΠΑΤΡΑ
|b ΦΥΣΙΚΟ
|k ΑΕΧ-1
|h 531.3 BAR
|m 04432
|p 025000018636
|t 1
|
| 942 |
|
|
|2 ddc
|c BK15
|
| 952 |
|
|
|0 0
|1 0
|4 0
|6 531_300000000000000_BAR
|7 0
|9 197476
|a PHYS
|b PHYS
|d 2016-04-24
|i 04432
|l 0
|o 531.3 BAR
|p 025000018636
|r 2016-04-24 00:00:00
|t 1
|w 2016-04-24
|y BK15
|
| 999 |
|
|
|c 121268
|d 121268
|